Statistics for MineCraft Youtuber Quiz

Click here to take the quiz!

General Stats

  • This quiz has been taken 279 times
  • The average score is 4 of 15

Answer Stats

Answer% Correct
Is related with diamondsDanTDM
78%
Fire CreeperPreston
59%
Loves cakeStampy
46%
Has long hair and has a derp version of himselfSSundee
32%
Small LizardLittle Lizard
31%
Small TurtleTiny Turtle
29%
The derp versionDerp SSundee
25%
MMOsPat
25%
Friend of above and is a minecraft animalIBalisticSquid
24%
Barney or Elmo (i had to / sorry / lol) Dirt = LifeCrainer
19%
Girlfried of above and considered a savageThea
13%
He plays a lot of Pokemon GoLachlan
12%
King of Atlantis / PenguinCody
9%
Soulsand = life (i cant believe i just said that) lolKehaan
5%
Is a redstone masterNeoMc
2%

Score Distribution

Percentile by Number Answered

Percent of People with Each Score

Your Score History

You have not taken this quiz